Logos de marques par lettre - F - Statistiques

Statistiques générales
  • Ce quiz a été pris 80 611 fois
  • Le résultat moyen est 14 sur 16
Statistiques - réponses
Par images Hint Réponse % Correct
Réseau social Facebook
100%
Boisson Fanta
99%
Automobile Ford
99%
Automobile Ferrari
98%
Navigateur Firefox
98%
Multimédia Fnac
98%
Transport Fedex
95%
Mode Fila
93%
Télécommunication Free
90%
Automobile Fiat
89%
Entreprise publique FDJ
82%
Mode Foot Locker
81%
Entretien automobile Feu Vert
80%
Média Figaro
79%
Média France Inter
72%
Média France 24
29%
Aucun quiz correspondant
Distribution des résultats
% des personnes avec chaque résultat
Percentile par nombre de réponses
Votre historique - résultats
Vous n’avez pas pris ce quiz